000 00759cam a2200241Ii 4500
008
020 _a0914826158 (hbk.)
049 _aMAIN
090 _aQR41.2 MIC
245 0 0 _aMicrobiology--1978 /
_cedited by David Schlessinger.
260 _aWashington :
_bAmerican Society for Microbiology,
_c1978.
300 _ax, 449 p. :
_bill. ;
_c26 cm.
650 3 _aPlasmids
_vCongresses.
650 3 _aVibrio parahaemolyticus
_vCongresses.
650 3 _aHost-parasite relationships
_vCongresses.
700 1 _aSchlessinger, David.
710 2 _aAmerican Society for Microbiology.
907 _a.b10015498
_b09-02-07
_c17-04-03
003
005 20230123134152.0
040 _cNUST
942 _cBOOKS
_kQR41.2 MIC
999 _c161236
_d161236